000 01063cam a22003257a 4500
003 CHAP
005 20220329141613.0
008 971013s1911 r 00010 d
010 _a70883
011 _a71855
035 _a81409
040 _cCHAP
090 _aFolleto 6042
100 0 0 _aCalvino, Mario.
_917613
245 1 3 _aLa reina de las forrajeras en los climas cálidos
260 _aMéxico, D. F. :
_bEstación Agrícola Central,
_c1911
300 _a9 p.
490 0 _aEstación agrícola central. Circular
_v; 37
590 _aBATCH-UPD
_b10
_c20130110
_lUCH01
_h0732
590 _aBATCH-UPD
_b10
_c20130410
_lUCH01
_h0415
590 _aBATCH-UPD
_b10
_c20130914
_lUCH01
_h0902
590 _aCONVERSION
_b10
_c20130109
_lUCH01
_h1339
650 1 4 _aHedysarum coronarium.
_953304
650 1 4 _aPlantas forrajeras.
_988943
830 0 _aEstación agrícola central. Circular
_v; 37
_938202
901 _aBK
942 _cFOLL
949 _aFolleto 6042
_bBC
_cBPP
_d-34734
_eBPP
_i81409
_mD
_si
949 _aFolleto 6042
_bBC
_cBPP
_d-34736
_eBPP
_fc.2
_i81409
_si
999 _c70883
_d70883